CJ50 (Record no. 80669)
[ view plain ]
| 000 -LEADER | |
|---|---|
| fixed length control field | 00969cab a22001815a 4500 |
| 001 - CONTROL NUMBER | |
| control field | L144962 |
| 008 - FIXED-LENGTH DATA ELEMENTS--GENERAL INFORMATION | |
| fixed length control field | 080827e20080820xxkd f s 000 0 eng d |
| 035 ## - SYSTEM CONTROL NUMBER | |
| System control number | (Sirsi) u144962 |
| 041 0# - LANGUAGE CODE | |
| Language code of text/sound track or separate title | eng |
| 100 1# - MAIN ENTRY--PERSONAL NAME | |
| Personal name | Stagg, James |
| 245 00 - TITLE STATEMENT | |
| Title | CJ50 |
| Remainder of title | Laing boosted by civils |
| 260 ## - PUBLICATION, DISTRIBUTION, ETC. | |
| Date of publication, distribution, etc. | 2008 |
| 490 ## - SERIES STATEMENT | |
| Series statement | Contract Journal |
| Volume/sequential designation | 444(6689) 20 August 2008, 14-15(2) |
| 520 ## - SUMMARY, ETC. | |
| Summary, etc. | Monthly league table of new work winners, divided geographically and by sector. Reports that new work faltered in July, recording the lowest total since August 2007. Laing O?Rourke moved from the second position to the top place. Shows that this is due to its experience in infrastructure and its securing seven contracts of a total of £234m. Explains that it gained half of the contracts in construction, the remaining half being divided between public projects and commercial ones. |
| 651 #4 - SUBJECT ADDED ENTRY--GEOGRAPHIC NAME | |
| Geographic name | United Kingdom |
| Chronological subdivision | |
| 690 ## - LOCAL SUBJECT ADDED ENTRY--TOPICAL TERM (OCLC, RLIN) | |
| Topical term or geographic name as entry element | PROPERTY-COMMERCIAL PROPERTY-COMMERCIAL PROPERTY MARKET |
| 942 ## - ADDED ENTRY ELEMENTS (KOHA) | |
| Suppress in OPAC | 0 |
| Withdrawn status | Lost status | Source of classification or shelving scheme | Damaged status | Not for loan | Home library | Current library | Shelving location | Date acquired | Total Checkouts | Full call number | Barcode | Date last seen | Copy number | Price effective from | Koha item type |
|---|---|---|---|---|---|---|---|---|---|---|---|---|---|---|---|
| Dewey Decimal Classification | London | London | Journal article | 27/08/2008 | L144962 | 144962-1001 | 06/08/2019 | 1 | 06/08/2019 | Journal article |